Welcome to the Holygrace Academy Library

Please use search bar below to get started

WASON'S TEXTBOOK OF BUSINESS STUDIES (Record no. 597)

MARC details
000 -LEADER
fixed length control field 00315nam a22001217a 4500
020 ## - INTERNATIONAL STANDARD BOOK NUMBER
ISBN 81-219-3209-2
082 ## - DEWEY DECIMAL CLASSIFICATION NUMBER
Classification number 174
Item number WAS/B
100 ## - MAIN ENTRY--AUTHOR NAME
Personal name V.WASON
245 ## - TITLE STATEMENT
Title WASON'S TEXTBOOK OF BUSINESS STUDIES
Remainder of title FOR CLASS XII
260 ## - PUBLICATION, DISTRIBUTION, ETC. (IMPRINT)
Place of publication DELHI
Name of publisher S.CHAND & CO
Year of publication 2013
650 ## - SUBJECT ADDED ENTRY--TOPICAL TERM
Topical Term BUSINESS STUDIES FOR CLASS XII
Geographic subdivision INDIA
942 ## - ADDED ENTRY ELEMENTS (KOHA)
Koha item type Books
Holdings
Withdrawn status Lost status Collection code Home library Current library Shelving location Date acquired Source of acquisition Cost, normal purchase price Full call number Accession Number Koha item type
    Reference Main Library Main Library   06/12/2019 purchase 350.00 174 WAS/B 12174 Books